000
00189 a2200097 4500
020
_a
9780822566328
041
_a
spa
100
_a
Pam Marshall
245
_a
De la Idea al Libro
942
_c
BK
999
_c
15761
_d
15761